000 00312nam a22001457a 4500
020 _a978-93-86429-06-3
082 _a894.812.1
100 _aKGS
245 _aNJANENTE KAKSHI
260 _aTHRISSUR
_bCURRENT BOOKS
_c2017
300 _a143
520 _aMALAYALAM POEM
650 _aMALAYALAM POEM
942 _cBK
999 _c5757
_d5757